I married a redhead : illus. by Paul Galdone.

Bibliographic Details
Main Author: Musselman, M. M. (Morris McNeil), 1899-1952
Format: Book
Language:English
Published: New York : T. Y. Crowell Co., [1949]

MARC

Tag First Indicator Second Indicator Subfields
LEADER 00000cam a2200000 4500
001 in00000033640
005 20151007061913.0
008 750508s1949 nyua 00000 eng u
010 |a  49011044  
035 |a (OCoLC)01319817 
035 |9 AAD3427AM 
040 |c DZM  |d TXA  |d UtOrBLW 
049 |a TXAM  |c [170733] 
050 0 0 |a PS3525.U943  |b I2 
082 0 |a 818.5 
092 |a 818  |b M989i 
100 1 |a Musselman, M. M.  |q (Morris McNeil),  |d 1899-1952. 
245 1 0 |a I married a redhead :  |b illus. by Paul Galdone. 
264 1 |a New York :  |b T. Y. Crowell Co.,  |c [1949] 
300 |a 244 pages :  |b illustrations ;  |c 21 cm. 
336 |a text  |b txt  |2 rdacontent 
337 |a unmediated  |b n  |2 rdamedia 
338 |a volume  |b nc  |2 rdacarrier 
999 |a MARS 
999 f f |s 900b7ade-e39e-3726-9329-ec1be0b09607  |i 72afc7ad-66e7-3fe5-8113-195bddeadb1c  |t 0 
952 f f |p ric  |a Texas A&M University  |b Rellis Campus  |c Joint Library Facility  |d Remote Storage  |t 0  |e PS3525.U943 I2  |h Library of Congress classification  |i unmediated -- volume  |m A14801264955 
998 f f |a PS3525.U943 I2  |t 0  |l Remote Storage